| 000 | 00377nam a2200145 a 4500 | ||
|---|---|---|---|
| 001 | 849 | ||
| 003 | CDMR | ||
| 005 | 20130314163203.0 | ||
| 008 | 130130s2001||||||||||||||||||||||||||||d | ||
| 040 |
_aCDMR _bcat _cCDMR |
||
| 100 | 1 |
_aBoyé, Anna _9669 |
|
| 245 | 1 | 3 |
_aEl Prat de Llobregat _b: memòries de fang i de llum _cAnna BOYÉ |
| 260 |
_aBarcelona _c2001 _bLunwerg |
||
| 942 |
_cMON _2udc |
||
| 999 |
_c849 _d849 |
||